Detalles MARC
| 000 -CABECERA |
| Longitud fija campo de control |
01524nam a2200289Ia 4500 |
| 005 - • FECHA Y HORA DE LA ÚLTIMA TRANSACCIÓN |
| Fecha y hora de la última transacción |
20220316235354.0 |
| 008 - • CÓDIGOS DE INFORMACIÓN DE LONGITUD FIJA |
| Códigos de información de longitud fija |
121119s2002 sp gr 000 p spa |
| 020 ## - • NÚMERO INTERNACIONAL NORMALIZADO PARA LIBROS |
| Número Internacional Normalizado para Libros (ISBN) |
8420633461 |
| 041 0# - • CÓDIGO DE LENGUA |
| Código de lengua del texto/banda sonora o título independiente |
spa |
| 040 ## - FUENTE DE LA CATALOGACIÓN |
| Centro catalogador de origen |
CO-BoRNBP |
| Lengua de catalogación |
spa |
| Normas de descripción |
rda |
| Centro transcriptor |
CO-BoRNBP |
| 084 ## - • Clasificación Local Alfanúmerica PNLB |
| Número de clasificación |
P BOR2 |
| 100 1# - • PUNTO DE ACCESO PRINCIPAL-NOMBRE DE PERSONA |
| Nombre de persona |
Borges, Jorge Luis, |
| Fechas asociadas al nombre |
1899-1986 |
| 245 10 - • TITULO PROPIAMENTE DICHO |
| Título |
Obra poética |
| Mención de responsabilidad, etc. |
Jorge Luis Borges |
| 250 ## - • MENCIÓN DE EDICIÓN |
| Mención de edición |
Quinta reimpresión |
| 264 #1 - PRODUCCIÓN, PUBLICACIÓN , DISTRIBUCIÓN, FABRICACIÓN Y COPYRIGHT |
| Lugar de producción, publicación, distribución, fabricación |
Madrid |
| Nombre del productor, editor, distribuidor, fabricante |
Alianza |
| Fecha de de producción, publicación, distribución, fabricación o copyright |
2002 |
| 300 ## - • DESCRIPCIÓN FÍSICA |
| Extensión |
121 páginas |
| 336 ## - TIPO DE CONTENIDO |
| Término de tipo de contenido |
texto |
| Código de tipo de contenido |
txt |
| Fuente |
rdacontent |
| 337 ## - TIPO DE MEDIO |
| Nombre del tipo de medio |
sin mediación |
| Código del tipo de medio |
n |
| Fuente |
rdamedia |
| 338 ## - TIPO DE SOPORTE |
| Nombre del tipo de soporte |
volumen |
| Código del tipo de soporte |
nc |
| Fuente |
rdacarrier |
| 490 0# - • MENCIÓN DE SERIE |
| Mención de serie |
El libro de bolsillo : biblioteca de autor |
| 521 3# - • NOTA DE PÚBLICO DESTINATARIO |
| Nota público destinatario (R ) |
Brillante en la forma, acerada y precisa en el concepto, rotunda en su expresión, la poesía de Jorge Luis Borges corre parejas con su genial obra narrativa. Este primer volumen de los tres que en esta «Biblioteca de autor» ocupa su Obra poética -que se presenta ordenada cronológicamente-, recoge los tres libros más tempranos de la poesía borgiana -Fervor de Buenos Aires (1923), Luna de enfrente (1925) y Cuaderno San Martín (1929)-, obras que, sucedidas por un prolongado silencio que no habría de romperse hasta 1960 con la publicación de El hacedor, conforman nítidamente la primera etapa de una de las trayectorias líricas más atractivas de nuestro siglo. |
| 650 14 - • PUNTO DE ACCESO ADICIONAL DE MATERIA - TÉRMINO DE MATERIA |
| Fuente del encabezamiento o término |
LEMB |
| Término de materia o nombre geográfico como elemento inicial |
Literatura argentina |
| Subdivisión cronológica |
Siglo XX |
| 650 14 - • PUNTO DE ACCESO ADICIONAL DE MATERIA - TÉRMINO DE MATERIA |
| Fuente del encabezamiento o término |
LEMB |
| Término de materia o nombre geográfico como elemento inicial |
Muerte |
| Subdivisión de forma |
Poesía |
| 650 14 - • PUNTO DE ACCESO ADICIONAL DE MATERIA - TÉRMINO DE MATERIA |
| Fuente del encabezamiento o término |
LEMB |
| Término de materia o nombre geográfico como elemento inicial |
Poesía amorosa |
| 650 14 - • PUNTO DE ACCESO ADICIONAL DE MATERIA - TÉRMINO DE MATERIA |
| Fuente del encabezamiento o término |
LEMB |
| Término de materia o nombre geográfico como elemento inicial |
Naturaleza |
| Subdivisión de forma |
Poesía |
| 942 ## - ENTRADA DE ELEMENTOS AGREGADOS (KOHA) |
| Fuente de clasificaión o esquema |
|
| Koha [por defecto] tipo de item |
Libro Literatura |